Introducción a la programación con JAVAtm: un enfoque orientado a objetos
Gespeichert in:
| Hauptverfasser: | , |
|---|---|
| Format: | Buch |
| Sprache: | Spanisch |
| Veröffentlicht: |
Madrid
Pearson Educación
2001
|
| Schlagworte: | |
| Tags: |
Tag hinzufügen
Keine Tags, Fügen Sie den ersten Tag hinzu!
|
MARC
| LEADER | 00000nam a2200000 a 4500 | ||
|---|---|---|---|
| 001 | UCM1997 | ||
| 003 | CL-VaPUC | ||
| 008 | 020419e20010000SP |||||||||||||||||spa|d | ||
| 020 | |a 8478290338 | ||
| 082 | 0 | 4 | |a 005.117 |b ARN |2 21 |
| 100 | 0 | |a Arnow, David M |e author |9 468808 | |
| 700 | 0 | |a Weiss, Gerald |e author |9 468809 | |
| 245 | 1 | 0 | |a Introducción a la programación con JAVAtm: un enfoque orientado a objetos |
| 300 | |a 794 p | ||
| 942 | |c BK | ||
| 945 | |d 20020419 00:00:00 |a vberengu | ||
| 260 | |a Madrid |b Pearson Educación |c 2001 | ||
| 650 | 0 | |a Programación orientada al objeto |9 387863 | |
| 650 | 0 | |a Lenguajes de programación |9 259458 | |
| 650 | 7 | |a JAVA 2 |2 CL-VaPUC |9 468810 | |
| 583 | |a last modification |c 20020419 00:00:00 |k Rodrigo Vera | ||
| 999 | |c 300088 |d 300086 | ||
| 952 | |0 0 |1 0 |4 0 |6 005_117000000000000_ARN_2001 |7 0 |8 A |9 357379 |a BIBING |b BIBING |d 2019-11-21 |i 3810011 |o 005.117 ARN 2001 |p 3810011 |r 2025-01-20 |w 2019-11-21 |y BK |k EII | ||
| 952 | |0 0 |1 0 |4 0 |6 005_117000000000000_ARN_2001 |7 0 |8 A |9 357380 |a BIBING |b BIBING |d 2019-11-21 |i 381002K |o 005.117 ARN 2001 |p 381002K |r 2025-01-20 |w 2019-11-21 |y BK |k EII | ||
| 952 | |0 0 |1 0 |4 0 |6 005_117000000000000_ARN_2001 |7 0 |8 A |9 357381 |a BIBING |b BIBING |d 2019-11-21 |i 3810038 |o 005.117 ARN 2001 |p 3810038 |r 2025-01-20 |w 2019-11-21 |y BK |k EII | ||
| 952 | |0 0 |1 0 |4 0 |6 005_117000000000000_ARN_2001 |7 0 |8 A |9 357382 |a BIBING |b BIBING |d 2019-11-21 |i 3810046 |o 005.117 ARN 2001 |p 3810046 |r 2025-01-20 |w 2019-11-21 |y BK |k EII | ||
| 952 | |0 0 |1 0 |4 0 |6 005_117000000000000_ARN_2001 |7 0 |8 A |9 357383 |a BIBING |b BIBING |d 2019-11-21 |i 3810054 |o 005.117 ARN 2001 |p 3810054 |r 2025-01-20 |w 2019-11-21 |y BK |k EII | ||
| 952 | |0 0 |1 0 |4 0 |6 005_117000000000000_ARN_2001 |7 0 |8 A |9 357384 |a BIBING |b BIBING |d 2019-11-21 |i 3829979 |o 005.117 ARN 2001 |p 3829979 |r 2025-01-20 |w 2019-11-21 |y BK |k EII | ||
| 952 | |0 0 |1 0 |4 0 |6 005_117000000000000_ARN_2001 |7 0 |8 A |9 357385 |a BIBING |b BIBING |d 2019-11-21 |i 3858448 |o 005.117 ARN 2001 |p 3858448 |r 2025-01-20 |w 2019-11-21 |y BK |k EII | ||
| 952 | |0 0 |1 0 |4 0 |6 005_117000000000000_ARN_2001 |7 0 |8 A |9 357386 |a BIBING |b BIBING |d 2019-11-21 |i 3883574 |o 005.117 ARN 2001 |p 3883574 |r 2025-01-20 |w 2019-11-21 |y BK |k ING | ||
| 952 | |0 0 |1 0 |4 0 |6 005_117000000000000_ARN_2001 |7 0 |8 A |9 357387 |a BIBING |b BIBING |d 2019-11-21 |i 4006895 |l 1 |o 005.117 ARN 2001 |p 4006895 |r 2025-01-20 |s 2024-08-12 |w 2019-11-21 |y BK |k EII | ||
| 952 | |0 0 |1 0 |4 0 |6 005_117000000000000_ARN_2001 |7 0 |8 A |9 357388 |a BIBING |b BIBING |d 2019-11-21 |i 4012216 |o 005.117 ARN 2001 |p 4012216 |r 2025-01-20 |w 2019-11-21 |y BK |k ING | ||